[Event "Challenge"]
[Site "http://www.queenalice.com/game.php?id=1197711"]
[Date "2013.7.7"]
[Round "-"]
[White "zmanomega"]
[Black "mrjoe"]
[Result "1-0"]
[WhiteElo "1534"]
[BlackElo "1771"]

1. d4 e5 2. e3 exd4 3. exd4 Nc6 4. Nf3 d6 5. Be3 Be7 6. c3 Nf6 7. Bc4 a6 8. Ng5
d5 9. Bd3 Be6 10. b3 h6 11. Nf3 O-O 12. Nh4 Na5 13. Nf5 b6 14. Qf3 Nb7 15. Nxh6+
Kh8 16. Nf5 Bxf5 17. Qxf5 g6 18. Qh3+ Nh7 19. f4 c5 20. Nd2 Kg8 21. Nf3 Rc8 22.
f5 g5 23. f6 Nxf6 24. Qh6 Ne4 25. Bxe4 dxe4 26. Nxg5 Bxg5 27. Bxg5 Qd7 28. Bf6
1-0

[Event "CASCUTIA LA BERA"]
[Site "http://www.queenalice.com/game.php?id=1198801"]
[Date "2013.7.11"]
[Round "2"]
[White "mrjoe"]
[Black "vierad2"]
[Result "1-0"]
[WhiteElo "1746"]
[BlackElo "1225"]

1. e4 d5 2. exd5 Qxd5 3. Nc3 Qe5+ 4. Nge2 Bf5 5. d3 e6 6. Bf4 Qa5 7. g3 Bg4 8.
Bg2 c6 9. h3 Bxe2 10. Qxe2 Nd7 11. Bd2 b5 12. Bxc6 Rc8 13. Bxd7+ Kxd7 14. Nd5 b4
15. Ne3 Nf6 16. a3 Nd5 17. Nxd5 exd5 18. O-O Rxc2 19. axb4 Qb6 20. Qg4+ Kc6 21.
Qc8+ Qc7 22. Ra6+ Kb5 23. Ra5+ Qxa5 24. Qxc2 Bxb4 25. Bxb4 Qxb4 26. Rc1 Rb8 27.
Qc6+ Ka5 28. Ra1+ Qa3 29. Qc5+ Rb5 30. Rxa3# 1-0

[Event "Challenge"]
[Site "http://www.queenalice.com/game.php?id=1202935"]
[Date "2013.7.27"]
[Round "-"]
[White "mrjoe"]
[Black "vierad2"]
[Result "1-0"]
[WhiteElo "1750"]
[BlackElo "1250"]

1. e4 e5 2. Nf3 f6 3. Bc4 Ne7 4. b3 Nbc6 5. Bb2 g5 6. d4 d6 7. dxe5 dxe5 8. O-O
Ng6 9. Nc3 g4 10. Nd2 b6 11. a4 Bb4 12. Bb5 Bb7 13. Nc4 Nf4 14. Qxg4 h5 15. Qf3
h4 16. Ne2 Nxe2+ 17. Qxe2 Qe7 18. Ne3 O-O-O 19. Rfd1 Nd4 20. Bxd4 exd4 21. Nf5
Qe5 22. Qg4 c6 23. Nxd4+ Kc7 24. Qg7+ Kc8 25. Bxc6 Bxc6 26. Nxc6 Rxd1+ 27. Rxd1
Qh5 28. Qd7# 1-0

[Event "Challenge"]
[Site "http://www.queenalice.com/game.php?id=1202946"]
[Date "2013.7.27"]
[Round "-"]
[White "mrjoe"]
[Black "vierad2"]
[Result "0-1"]
[WhiteElo "1750"]
[BlackElo "1250"]

1. e4 e5 2. Nf3 Nc6 3. c3 d5 4. exd5 Qxd5 5. c4 Qe4+ 6. Be2 Nd4 7. Nc3 Qf5 8. b3
Nc2+ 9. Kf1 Nxa1 10. d3 Bb4 11. Bb2 Nxb3 12. axb3 c6 13. Nb1 f6 14. d4 e4 15.
Nh4 Qg5 16. g3 Bh3+ 17. Ng2 f5 18. d5 f4 19. Bh5+ Kf8 20. Bf3 exf3 21. Qxf3 Qf5
22. Qxf4 Qxf4 23. gxf4 cxd5 24. cxd5 Nf6 25. Rg1 Re8 26. Bc3 Nxd5 27. Bxb4+ Nxb4
28. Nc3 Nd3 29. Ne2 Kf7 30. f3 Re7 31. Rh1 Rc8 32. Kg1 Rxe2 33. Ne1 Rxe1# 0-1

[Event "Fuego en tablero"]
[Site "http://www.queenalice.com/game.php?id=1243491"]
[Date "2013.12.28"]
[Round "3"]
[White "mrjoe"]
[Black "vivafischer"]
[Result "0-1"]
[WhiteElo "1773"]
[BlackElo "1814"]

1. e4 e6 2. Nf3 d5 3. d3 Nf6 4. Nc3 c5 5. exd5 exd5 6. Bg5 Be7 7. Be2 Nc6 8. O-O
O-O 9. d4 c4 10. b3 cxb3 11. axb3 Bf5 12. Re1 h6 0-1

[Event "Challenge"]
[Site "http://www.queenalice.com/game.php?id=1256631"]
[Date "2014.2.14"]
[Round "-"]
[White "mrjoe"]
[Black "vierad2"]
[Result "1-0"]
[WhiteElo "1759"]
[BlackElo "1316"]

1. e4 e5 2. Nf3 Nc6 3. Bc4 Nf6 4. d3 h6 5. a4 a5 6. O-O Bc5 7. Nc3 d6 8. Nd5 Nd4
9. c3 Nxf3+ 10. Qxf3 Bg4 11. Nxf6+ Qxf6 12. Qxg4 g5 13. Bd2 b6 14. b4 axb4 15.
cxb4 Bd4 16. Rac1 Rxa4 17. Bb5+ Kf8 18. Bxa4 Kg7 19. Rxc7 Ra8 20. Bb3 Rf8 21.
Qh5 Qg6 22. Qh3 h5 23. Qd7 h4 24. Be3 Kh6 25. Bxd4 exd4 26. f4 h3 27. fxg5+ Kxg5
28. g3 f5 29. exf5 Qh6 30. Qe7+ Rf6 31. Rc6 Kg4 32. Bd1+ Kg5 33. g4 Kh4 34. Rxd6
Qd2 35. Qxf6+ Qg5 36. Qh8+ Qh6 37. Qxh6# 1-0

[Event "Challenge"]
[Site "http://www.queenalice.com/game.php?id=1286938"]
[Date "2014.6.8"]
[Round "-"]
[White "vierad2"]
[Black "mrjoe"]
[Result "1-0"]
[WhiteElo "1312"]
[BlackElo "1761"]

1. e3 e5 2. d4 d6 3. d5 Nf6 4. g4 Bxg4 5. Be2 Bf5 6. Nf3 Be4 7. Nc3 Bxd5 8. Nxd5
Nxd5 9. Qxd5 c6 10. Qb3 b6 11. e4 a5 12. Ng5 Ra7 13. Be3 c5 14. Bb5+ Rd7 15.
Qxf7# 1-0

[Event "Fuego en tablero"]
[Site "http://www.queenalice.com/game.php?id=1287836"]
[Date "2014.6.12"]
[Round "4"]
[White "mrjoe"]
[Black "legorille"]
[Result "1-0"]
[WhiteElo "1672"]
[BlackElo "1807"]

1. e4 e5 2. Nf3 Nc6 3. d3 Nf6 4. Nc3 Bc5 5. Nd5 h6 6. b3 d6 7. c3 O-O 8. b4 Bb6
9. Bb2 Nxd5 10. exd5 Ne7 11. c4 Bg4 12. Be2 Nf5 13. h3 Bxf3 14. Bxf3 Nd4 15. Rc1
Qf6 16. Be4 a6 17. O-O Rac8 18. c5 dxc5 19. bxc5 Ba5 20. Bxd4 exd4 21. Rb1 b6
22. c6 Bc3 23. Bf3 a5 24. Bg4 Rcd8 25. Bd7 Rb8 26. a3 b5 27. Rb3 b4 28. axb4
axb4 29. h4 Qxh4 30. d6 Qd8 31. dxc7 Qxc7 32. Qg4 Ra8 33. Rxb4 Bxb4 34. Qxd4 Bd6
35. Qc4 Ra3 36. d4 Rfa8 37. d5 Ra1 38. Qg4 Rxf1+ 39. Kxf1 Ra1+ 40. Ke2 Ra2+ 41.
Kf3 Ra3+ 42. Ke2 Ra5 43. Qe4 Ra2+ 44. Kf3 Qb6 45. Qe8+ Kh7 46. Bf5+ g6 47. Qxf7+
Kh8 48. Qf6+ Kg8 49. Qxg6+ Kf8 50. Qxd6+ Ke8 51. Qe6+ Kf8 52. Qxh6+ Kf7 53. Qe3
Qc7 54. g3 Ra5 55. Qe6+ Kg7 56. Qd7+ Qxd7 57. Bxd7 Ra7 58. d6 1-0

[Event "Challenge"]
[Site "http://www.queenalice.com/game.php?id=1289810"]
[Date "2014.6.22"]
[Round "-"]
[White "vierad2"]
[Black "mrjoe"]
[Result "1-0"]
[WhiteElo "1342"]
[BlackElo "1731"]

1. e4 e5 2. d4 exd4 3. Qxd4 Nc6 4. Qa4 a6 5. Nf3 b5 6. Bxb5 Nf6 7. Bg5 Bb7 8.
Bxc6 Bxc6 9. Qc4 Bxe4 10. Ne5 d5 11. Qc6+ Nd7 12. Bxd8 Rxd8 13. Nc3 Bb4 14.
O-O-O Bxc3 15. bxc3 f6 16. Qe6+ Kf8 17. Qf7# 1-0

[Event "Challenge"]
[Site "http://www.queenalice.com/game.php?id=1295046"]
[Date "2014.7.15"]
[Round "-"]
[White "mrjoe"]
[Black "vierad2"]
[Result "0-1"]
[WhiteElo "1701"]
[BlackElo "1372"]

1. e4 e5 2. Nf3 Nc6 3. d3 d5 4. exd5 Qxd5 5. Nc3 Bb4 6. Bd2 Bxc3 7. Bxc3 Nf6 8.
Qe2 Bg4 9. h3 Bxf3 10. Qxf3 Nd4 11. Bxd4 exd4 12. Be2 O-O-O 13. O-O h5 14. c4
Qxf3 15. Bxf3 g5 16. Be2 Rhe8 17. Bd1 g4 18. h4 Nd7 19. Ba4 Re2 20. b4 Ne5 21.
c5 Nxd3 22. Bb5 Rd2 23. Rfd1 Rxd1+ 24. Rxd1 Nxb4 25. a4 d3 26. Bc4 f6 27. Bf7
Rh8 28. Bg6 Rd8 29. Bxh5 d2 30. Bxg4+ Kb8 31. Bh5 Na2 32. g4 Nc3 33. g5 fxg5 34.
hxg5 Nxd1 35. Bxd1 Re8 36. Kg2 Re5 37. g6 a6 38. f4 Re8 39. f5 Rg8 40. Bc2 Rg7
41. f6 Rxg6+ 42. Kf2 Rxf6+ 43. Ke3 b6 44. cxb6 Rd6 45. bxc7+ Kxc7 46. Ke2 Kc6
47. Kd1 Kc5 48. Bg6 Kb4 49. Bc2 Kc3 50. Bf5 Rf6 51. Bh3 a5 52. Bg2 Rg6 53. Bc6
Rg1+ 54. Ke2 Re1+ 55. Kf3 d1=Q+ 56. Kf4 Qd6+ 57. Kf5 Qf8+ 58. Kg4 Rg1+ 0-1

[Event "Challenge"]
[Site "http://www.queenalice.com/game.php?id=1297117"]
[Date "2014.7.25"]
[Round "-"]
[White "mrjoe"]
[Black "vierad2"]
[Result "1-0"]
[WhiteElo "1693"]
[BlackElo "1401"]

1. e4 e5 2. Nf3 Nc6 3. Bc4 Bc5 4. d3 d6 5. Nc3 Bg4 6. h3 Bxf3 7. Qxf3 Nf6 8. g4
Nd4 9. Qd1 h5 10. g5 Nh7 11. h4 g6 12. Nd5 c6 13. Nc3 Bb4 14. Be3 Nb5 15. Qf3
O-O 16. O-O-O Nxc3 17. bxc3 Bxc3 18. Qg2 c5 19. f4 Qa5 20. Rdf1 b5 21. Bd5 Rac8
22. f5 gxf5 23. Rxf5 Kg7 24. Rhf1 Rc7 25. g6 fxg6 26. Rxf8 Nxf8 27. Rxf8 Kxf8
28. Qxg6 Ke7 29. Qe6+ Kd8 30. Bg5+ Re7 31. Bxe7+ Kc7 32. Qxd6+ 1-0

[Event "Challenge"]
[Site "http://www.queenalice.com/game.php?id=1299679"]
[Date "2014.8.5"]
[Round "-"]
[White "vierad2"]
[Black "mrjoe"]
[Result "0-1"]
[WhiteElo "1399"]
[BlackElo "1697"]

1. d4 e6 2. d5 exd5 3. Qxd5 Nf6 4. Qe5+ Be7 5. Bg5 Nc6 6. Qg3 Ne4 7. Bxe7 Nxg3
8. Bxd8 Nxh1 9. Bh4 d6 10. g3 Bf5 11. c3 f6 12. Bh3 Bxh3 13. Nxh3 Ne5 14. f4 Nd7
15. Nd2 O-O 16. O-O-O Nxg3 17. hxg3 Rae8 18. e4 Nc5 19. Nf2 g5 20. fxg5 fxg5 21.
Rf1 gxh4 22. gxh4 Rf4 23. h5 Ref8 24. Rg1+ Kh8 25. Nh3 Rh4 26. Ng5 Rxh5 27. b4
Nd7 28. Ne6 Rg8 29. Rf1 c6 30. Nc4 Rh6 31. Nc7 Nb6 32. Na5 Rg7 33. Rf8+ Rg8 34.
Rxg8+ Kxg8 35. Nxb7 Rg6 36. Ne8 Re6 37. Nexd6 h5 38. Kd2 h4 39. Kd3 h3 40. Nf5
h2 41. Ng3 Nd7 42. Ke3 Rf6 43. Ke2 Kg7 44. Nd8 Kh6 45. Nxc6 Rxc6 46. Kf2 Rxc3
47. Kg2 Rc2+ 48. Kh3 Re2 49. b5 Rxa2 50. Nh1 Rb2 51. b6 axb6 52. Nf2 Rxf2 53.
Kg3 h1=Q 54. Kxf2 Qxe4 55. Kg3 Kg5 56. Kf2 Kg4 57. Kf1 Kg3 58. Kg1 Qg2# 0-1

[Event "Challenge"]
[Site "http://www.queenalice.com/game.php?id=1307201"]
[Date "2014.9.9"]
[Round "-"]
[White "mrjoe"]
[Black "vierad2"]
[Result "1-0"]
[WhiteElo "1701"]
[BlackElo "1395"]

1. e4 e5 2. Nf3 Nc6 3. Nc3 d6 4. d3 Bg4 5. Be2 Bxf3 6. Bxf3 g5 7. b3 f6 8. Bb2
a6 9. Bh5+ Kd7 10. Qg4+ Ke7 11. Nd5# 1-0

[Event "Fuego en tablero"]
[Site "http://www.queenalice.com/game.php?id=1307664"]
[Date "2014.9.12"]
[Round "5"]
[White "vinoseco"]
[Black "mrjoe"]
[Result "1-0"]
[WhiteElo "1626"]
[BlackElo "1705"]

1. e4 e5 2. Nf3 Nc6 3. Bb5 d6 4. c4 a6 5. Bxc6+ bxc6 6. O-O c5 7. d3 Rb8 8. Nc3
Nf6 9. Bg5 Be7 10. h4 Bg4 11. b3 h6 12. Bxf6 Bxf6 13. Nh2 Bxd1 14. Raxd1 Bxh4
15. g3 Bg5 16. Nd5 c6 17. Ne3 Bxe3 18. fxe3 g5 19. Ng4 h5 20. Nf6+ Kf8 21. d4
cxd4 22. exd4 h4 23. dxe5 Rh6 24. Rxd6 Qb6+ 25. Kg2 h3+ 26. Kh2 Qe3 27. Ng4 Qe2+
28. Rf2 Qxg4 29. Rxh6 Qxg3+ 30. Kxg3 Ke7 31. Rxc6 Rh8 32. Rh2 1-0

[Event "Challenge"]
[Site "http://www.queenalice.com/game.php?id=1310072"]
[Date "2014.9.23"]
[Round "-"]
[White "vierad2"]
[Black "mrjoe"]
[Result "1-0"]
[WhiteElo "1391"]
[BlackElo "1686"]

1. e4 e5 2. Nf3 Nc6 3. c3 d6 4. Bb5 Bd7 5. b4 Nf6 6. d3 a6 7. Bxc6 Bxc6 8. Nh4
Nxe4 9. Nf5 Nxf2 10. Kxf2 Qf6 11. Qg4 h5 12. Qg5 Qxg5 13. Bxg5 e4 14. Re1 f6 15.
Bd2 d5 16. Nd4 Kd7 17. Nxc6 Kxc6 18. dxe4 dxe4 19. Rxe4 Bd6 20. a4 f5 21. Rc4+
Kd7 22. Bf4 Rhg8 23. h4 b5 24. Rd4 Ke6 25. axb5 axb5 26. Rxa8 Rxa8 27. Bxd6 cxd6
28. Nd2 Rg8 29. Nf3 Rc8 30. Ng5+ Kd7 31. Nf7 Rxc3 32. Nxd6 Rc2+ 33. Kf3 Kc6 34.
Nxf5 Rc4 35. Ke4 g6 36. Ne7+ Kb6 37. Nxg6 Rc2 38. Nf4 Kb7 39. Rd5 Rc4+ 40. Rd4
Rc7 41. Nxh5 Rh7 42. Rd5 Kc6 43. g4 Re7+ 44. Re5 Rd7 45. g5 Rd6 46. Nf6 Kb6 47.
h5 1-0

[Event "Challenge"]
[Site "http://www.queenalice.com/game.php?id=1317335"]
[Date "2014.10.23"]
[Round "-"]
[White "mrjoe"]
[Black "vierad2"]
[Result "1-0"]
[WhiteElo "1658"]
[BlackElo "1419"]

1. e4 e5 2. Nf3 Nc6 3. d3 a5 4. Be2 h5 5. b3 b5 6. Bb2 f6 7. O-O g5 8. d4 exd4
9. Nxd4 Nxd4 10. Bxd4 c5 11. Bb2 b4 12. Bxh5+ Ke7 13. e5 Ba6 14. Qd6# 1-0

[Event "Challenge"]
[Site "http://www.queenalice.com/game.php?id=1321413"]
[Date "2014.11.10"]
[Round "-"]
[White "vierad2"]
[Black "mrjoe"]
[Result "1-0"]
[WhiteElo "1413"]
[BlackElo "1664"]

1. e4 e5 2. g4 d6 3. h4 Be7 4. g5 f5 5. Nc3 h6 6. d4 hxg5 7. h5 g6 8. Be2 Nf6 9.
Bxg5 Nxh5 10. Bxe7 Qxe7 11. Nd5 Qe6 12. Nxc7+ Kf7 13. Nxe6 Kxe6 14. Bc4+ Ke7 15.
f3 Nc6 16. c3 Bd7 17. b4 exd4 18. cxd4 fxe4 19. b5 exf3 20. Qxf3 Nxd4 21. Qe4+
Ne6 22. Qxg6 Nhg7 23. Bxe6 Rxh1 24. Qf7+ Kd8 25. Qxd7# 1-0

[Event "Challenge"]
[Site "http://www.queenalice.com/game.php?id=1328041"]
[Date "2014.12.14"]
[Round "-"]
[White "mrjoe"]
[Black "vierad2"]
[Result "1-0"]
[WhiteElo "1638"]
[BlackElo "1439"]

1. e4 e5 2. Nf3 f6 3. c4 c5 4. Nc3 g5 5. Be2 h5 6. d3 Nc6 7. h3 h4 8. Nd5 d6 9.
a4 g4 10. hxg4 Bxg4 11. Nxh4 f5 12. Bxg4 fxg4 13. Qxg4 Nh6 14. Qg6+ Nf7 15. Nf6+
Ke7 16. Nf5+ Ke6 17. Nd5+ Kd7 18. Qxf7+ Be7 19. Rh7 Rxh7 20. Qxh7 Qh8 21. Qg6
Re8 22. Ke2 Nd4+ 23. Nxd4 exd4 24. Bg5 Bxg5 25. Qxg5 Qe5 26. Qxe5 Rxe5 27. Rh1
Kc6 28. Rh7 Rxe4+ 29. dxe4 d3+ 30. Kxd3 b5 31. axb5# 1-0

[Event "Challenge"]
[Site "http://www.queenalice.com/game.php?id=1332405"]
[Date "2015.1.3"]
[Round "-"]
[White "vierad2"]
[Black "mrjoe"]
[Result "0-1"]
[WhiteElo "1431"]
[BlackElo "1646"]

1. e4 e5 2. g4 Nf6 3. Nc3 d6 4. g5 Ng8 5. h4 g6 6. b4 a6 7. a4 f6 8. d3 Be7 9.
f4 exf4 10. Bxf4 fxg5 11. hxg5 Bxg5 12. Bxg5 Qxg5 13. Qf3 Bg4 14. Qg3 h5 15. Rh4
Ne7 16. Nf3 Qe3+ 17. Be2 Bxf3 18. Qxf3 Qg1+ 19. Bf1 Nbc6 20. O-O-O Ne5 21. Qf6
Rf8 22. Be2 Qe3+ 23. Kb2 Rxf6 24. d4 N5c6 25. Rd3 Qf2 26. Nd5 Nxd5 27. exd5 Nxb4
28. Re4+ Kf7 29. Rc3 c6 30. dxc6 bxc6 31. d5 c5 32. Rce3 Nxd5 33. Bc4 Rb8+ 34.
Bb3 Rxb3+ 35. Rxb3 Re6 36. Rb7+ Ne7 37. Rxe6 Kxe6 38. a5 Qd4+ 39. c3 Qd2+ 40.
Kb3 Nc6 41. Ka4 Qa2# 0-1

[Event "Challenge"]
[Site "http://www.queenalice.com/game.php?id=1336971"]
[Date "2015.1.25"]
[Round "-"]
[White "mrjoe"]
[Black "vierad2"]
[Result "0-1"]
[WhiteElo "1653"]
[BlackElo "1442"]

1. e4 e5 2. Nf3 Nc6 3. Bc4 Bc5 4. d4 exd4 5. Bd5 h6 6. a3 a5 7. Nfd2 Ne5 8. O-O
Nf6 9. Ba2 b5 10. Nf3 d6 11. Nbd2 O-O 12. b3 g5 13. Bb2 Bg4 14. h3 Bxf3 15. Nxf3
Nxf3+ 16. Qxf3 d5 17. exd5 Nxd5 18. c3 dxc3 19. Bxc3 b4 20. axb4 axb4 21. Bf6
Nxf6 22. Rad1 Bd4 23. Bb1 c5 24. Bd3 Ra2 25. Bc4 Re8 26. Rfe1 Rxe1+ 27. Rxe1
Rxf2 28. Qc6 Re2+ 29. Kf1 Rxe1+ 30. Kxe1 Bc3+ 31. Kf2 Qd2+ 32. Kf3 Qf4+ 33. Ke2
Ne4 34. Qe8+ Kg7 35. Kd3 Nd6 36. Qe2 Qd4+ 37. Kc2 Ne4 38. Bd3 Bd2 39. Qxe4 Qc3+
40. Kd1 Qc1+ 41. Ke2 Qe1+ 42. Kf3 Qd1+ 43. Qe2 Qxe2+ 44. Bxe2 f5 45. Bc4 Kf6 46.
g4 Ke5 47. Bg8 f4 48. Bc4 Be3 49. Bf7 Kf6 50. Bd5 Kg6 51. Be4+ Kg7 52. Bf5 Kf6
53. Bd3 Kg7 54. Ke4 Kg6 55. Ke5+ Kg7 56. Kf5 Kf7 57. Bc4+ Ke7 58. Kg6 f3 59.
Kxh6 Kf6 60. Bd3 Bf2 61. Be4 c4 62. bxc4 Ke5 63. c5 Kxe4 64. c6 Bb6 65. Kxg5 f2
66. h4 f1=Q 67. h5 Qb5+ 68. Kh4 Bd8+ 69. g5 Qxg5+ 70. Kh3 b3 0-1